000 00397nam a2200109 a 4500
008 120416s9999 xx |||||||||||||| || u
050 _aTD 892 Mea
245 0 0 _aMeasurement and control of noise
260 _a
_bHinsdale, Ill
_c
350 _a0.00
995 _D0.00
_FCBU-MAIN LIBRARY (Kitwe)
_H1
_I1.40
_UAVAILABLE
_ZMain Library Open Access Collection
999 _c50824
_d50824